000 01257nam a2200253 a 4500
001 000033425
003 DO-SdBNP
005 20240305085225.0
007 ta
008 110829s1951 mx 000 0 spa d
040 _aDO-SdBNP
_bspa
_cBNPHU
_drda
082 _bB253c
100 1 _aBarinas Coiscou, Sócrates,
_d1916-2021
_924379
245 1 0 _aCrisol /
_cSocrates Barinas Coiscuo ; introducción, D. Moreno Jiménez.
264 _aMéxico, D. F. :
_bDidot,
_c1951.
300 _a131 páginas ;
_c21 cm.
336 _2rdaconten
_atexto
_btxt
337 _2rdamedia
_asin medición
_bn
338 _2rdacarrier
_avolumen
_bnc
505 _aIntroducción
_gAmanecer.
_tIsla de santo Domingo.-- Final.-- Dejadme solo.-- Pobrecito Burgués.-- Gallera.-- Negra de Santa María.-- Mírala.-- Niña del Sur.-- Con la misma moneda.-- Duarte.-- Bolívar.
_gDel Tema Eterno.
_tEspejismo.-- Bumerang.-- Ausencia.-- Comprendo que te vas.-- Metamorfosis.-- Encuentro.-- Lejanía.--Resignación.-- Gitana.-- Eternidad.-- Atardecer.-- La última Cita.-- Al pasar.-- Te di mi corazón.-- Paz.-- Madrigal de lo imposible.-- Sonetido.-- Pirata.-- Ya lo he olvidado.
590 _aInventariado 2023 / MF
700 1 _aMoreno Jiménez, D.,
_eintrod.
_958985
942 _2ddc
_cLBS1
999 _c32916
_d32916